| 000 | 00363nam a2200145Ia 4500 | ||
|---|---|---|---|
| 008 | 230901s2005 xx 000 0 und d | ||
| 041 | _aeng | ||
| 082 | _a610.73/HAM | ||
| 100 | _aHAMRIC | ||
| 245 | _aADVANCED PRACTICE NURSING AN INTEGRATIV APPROACH | ||
| 250 | _a3er ed | ||
| 260 |
_bELSEVIER. MISSOURI _c2005 |
||
| 300 | _a979 | ||
| 650 | _aMEDICAL. SURGICAL | ||
| 999 |
_c865699 _d865699 |
||